000 06453cam a2201285 a 4500
999 _c53761
001 14215145
003 LIBRIS
005 20201015111931.0
008 130518s2013 sw |||||||||||000 h|swe|c
020 _a9789175032207
035 _a(BOKR)9789175032207
035 _a(Bo)500822
040 _aBOKR
_dL
_dS
_ea
041 _aswe
082 0 4 _a839.738
_223/swe
084 _aHc.017
_2kssb/8
100 1 _aBackman, Fredrik,
_d1981-
_4aut
_0https://libris.kb.se/86lpwxjs1bmhnll#it
245 1 0 _aSaker min son behöver veta om världen /
_cFredrik Backman.
250 _a[Ny utg.]
264 1 _aStockholm :
_bMånpocket,
_c2013
264 3 _aLitauen
300 _a201 s.
_c18 cm
340 _b18 cm
490 0 _aMånpocket,
_x99-0184541-6
500 _aOriginalupplaga 2012
500 _5Bo
_aAnnan upplaga kan finnas vid biblioteket
500 _5Umdp
_a[Ny tr.], 2015
887 _a{"@id":"tc59cmr515nbxph","modified":"2017-08-21T16:46:19+02:00","checksum":"126174561991"}
_2librisxl
887 _a{"@id":"lvt9vm66jz74njx8","modified":"2018-09-27T08:01:39.626+02:00","checksum":"28265165246"}
_2librisxl
887 _a{"@id":"kpx6w9jq2ggsr32","modified":"2017-08-03T15:46:31+02:00","checksum":"40247384731"}
_2librisxl
887 _a{"@id":"w17w1l424wlj6n9","modified":"2014-08-25T10:53:48+02:00","checksum":"31323455648"}
_2librisxl
887 _a{"@id":"kpwj0w8q077pd88","modified":"2014-04-01T12:07:55+02:00","checksum":"19180783561"}
_2librisxl
887 _a{"@id":"26dzdkr72j45c62","modified":"2013-11-25T15:07:24+01:00","checksum":"26329681025"}
_2librisxl
887 _a{"@id":"8dl46qrf1fglrf7","modified":"2013-10-05T08:13:53+02:00","checksum":"32855799188"}
_2librisxl
887 _a{"@id":"8dld9k4f24stgj4","modified":"2015-04-17T08:22:14+02:00","checksum":"29817562488"}
_2librisxl
887 _a{"@id":"6bkxfh1c278p506","modified":"2017-11-17T11:55:40+01:00","checksum":"26692580914"}
_2librisxl
887 _a{"@id":"rw3mjcxx5f6fhlz","modified":"2013-09-10T10:24:22+02:00","checksum":"17612603802"}
_2librisxl
887 _a{"@id":"v06v0mt14f0th4w","modified":"2014-07-07T16:30:24+02:00","checksum":"35332547079"}
_2librisxl
887 _a{"@id":"6bkcs4kc2s68x40","modified":"2015-06-10T12:12:13+02:00","checksum":"35317359944"}
_2librisxl
887 _a{"@id":"w17smfx24sn6r3p","modified":"2014-03-05T10:27:23+01:00","checksum":"13052544567"}
_2librisxl
887 _a{"@id":"qv3z6phw0vwjxpx","modified":"2015-11-06T14:05:18+01:00","checksum":"37948933215"}
_2librisxl
887 _a{"@id":"26fk1rx754m28zl","modified":"2017-01-24T14:21:03+01:00","checksum":"33664177350"}
_2librisxl
887 _a{"@id":"6bjbtx5c4tsnczn","modified":"2015-03-13T18:57:01+01:00","checksum":"35183029139"}
_2librisxl
887 _a{"@id":"mr09d73s2rvjbcn","modified":"2017-09-08T11:22:33+02:00","checksum":"33886870878"}
_2librisxl
887 _a{"@id":"6bj95v6c0ndbf8h","modified":"2015-01-30T12:37:29+01:00","checksum":"29334030954"}
_2librisxl
887 _a{"@id":"04bvrnr5278m45d","modified":"2020-04-20T11:18:48.457+02:00","checksum":"19368206614"}
_2librisxl
887 _a{"@id":"hmtccn6n272zbwt","modified":"2013-09-26T16:00:09+02:00","checksum":"23997014312"}
_2librisxl
887 _a{"@id":"v07638z12jh9txj","modified":"2016-03-02T08:45:49+01:00","checksum":"37392083155"}
_2librisxl
887 _a{"@id":"z39tr1m425m2q6p","modified":"2013-09-19T11:38:48+02:00","checksum":"31226096490"}
_2librisxl
887 _a{"@id":"ns1119qt5bhpvdl","modified":"2016-04-22T15:06:38+02:00","checksum":"19681879720"}
_2librisxl
887 _a{"@id":"jnw55s6p257rgm8","modified":"2017-08-21T16:46:30+02:00","checksum":"27407795408"}
_2librisxl
900 0 s _6100
_d1981-
_uBackman, Fredrik,
_d1981-
900 1 s _6100
_d1981-
_uBackman, Fredrik,
_d1981-
900 1 s _6100
_d1981-
_uBackman, Fredrik,
_d1981-
900 1 s _6100
_d1981-
_uBackman, Fredrik,
_d1981-
900 1 s _6100
_d1981-
_uBackman, Fredrik,
_d1981-
900 1 s _6100
_d1981-
_uBackman, Fredrik,
_d1981-
900 1 s _6100
_d1981-
_uBackman, Fredrik,
_d1981-
900 1 s _6100
_d1981-
_uBackman, Fredrik,
_d1981-
900 1 s _6100
_d1981-
_uBackman, Fredrik,
_d1981-
900 1 s _6100
_d1981-
_uBackman, Fredrik,
_d1981-
900 1 s _6100
_d1981-
_uBackman, Fredrik,
_d1981-
942 _2z
_cBOOK